| 000 | 00435pab a2200145 454500 | ||
|---|---|---|---|
| 008 | 180718b2017 xxu||||| |||| 00| 0 eng d | ||
| 100 | _aKumar, S.Y. Surendra | ||
| 245 | _aThe Narendra Modi government's policy towards Pakistan: cooperative and tough bilateral diplomacy | ||
| 260 | _c2017 | ||
| 300 | _ap.126-137. | ||
| 362 | _aOct-Dec | ||
| 650 | _aIndia - Foreign policy - Pakistan | ||
| 773 | _aWorld Affairs | ||
| 909 | _a116572 | ||
| 999 |
_c116566 _d116566 |
||